000 00599cam a2200205 4500500
005 20260405002017.0
041 _afre
042 _adc
100 1 0 _aSamoyault, Tiphaine
_eauthor
245 0 0 _aBarthes. Au cœur de l’intime
260 _c2015.
500 _a52
690 _aBarthes
690 _aDiscours
690 _aFragments
690 _aStructure
690 _aTiphaine Samoyault
786 0 _nPhilosophie magazine | 91 | 8 | 2015-07-01 | p. 43-44 | 1951-1787
856 4 1 _uhttps://shs.cairn.info/magazine-philosophie-magazine-2015-8-page-43?lang=fr&redirect-ssocas=7080
999 _c2053289
_d2053289